| 000 | 00546cam a2200181 4500500 | ||
|---|---|---|---|
| 005 | 20260405002124.0 | ||
| 041 | _afre | ||
| 042 | _adc | ||
| 100 | 1 | 0 |
_aPortevin, Catherine _eauthor |
| 245 | 0 | 0 | _aLe Moyen Âge par ses images |
| 260 | _c2015. | ||
| 500 | _a93 | ||
| 690 | _aChiara Frugoni | ||
| 690 | _aImage | ||
| 690 | _aMoyen Âge | ||
| 786 | 0 | _nPhilosophie magazine | 95 | 12-1 | 2015-12-01 | p. 87-87 | 1951-1787 | |
| 856 | 4 | 1 | _uhttps://shs.cairn.info/magazine-philosophie-magazine-2015-12-1-page-87?lang=fr&redirect-ssocas=7080 |
| 999 |
_c2054483 _d2054483 |
||